00316nam a2200121Ia 4500008004000000082001700040100003100057245003500088250000500123260003900128300001100167650001600178210210b1975 xxu||||| |||| 00| 0 eng d a346.066 SHAL aSHAH (Shantilal Mohanlal). aLectures on company law. Ed.17 a aBombaybN M Tripathi pvt ltdc1975 acccxlv aCompany law